00387 2200157 4500001002100000005001500021035002000036245003700056100002000093300002600113260003400139082000800173084001400181020002200195990001200217INLIS00000000000301120250918091813 a0010-09250003581 aBeautiful Sin /cKamiluddin Azis0 aKamiluddin Azis a204 hlm ;c13 x 19 cm aJakarta :bStory House,c2014 a813 a813 KAM b a978-602-1588-12-3 a0755622